000 00559nam a2200217Ia 4500
003 OSt
005 20220923230815.0
006 a|||||r|||| 00| 0
007 ta
008 Pun
024 _a305,710
037 _cTextual
040 _aARTS
_cARTS
_bPun
041 _2Pun
_aPun
082 _aQ8441:21, 153M5
100 _aਨੂਰੀ, ਅਨੂਪ ਸਿੰਘ
245 0 _aਜਪੁਜੀ ਦਾ ਨੂਰ
260 _c1985
942 _hQ8441:21, 153M5
_cTEXL
_2CC
999 _c387500
_d387500